000 004430000a22001810004500
003 MACL
005 20151222151601.0
008 151222b xxu||||| |||| 00| 0 eng d
040 _aMACL
_cMACL
041 _aEnglish
082 _a920.71/SHA
100 _aShankar, Anoushka
_922036
245 _aBapi The Love of My Life
260 _bLustre Press
_aSingapore
350 _a495
650 _aBiography
_922037
942 _cBK
_k920.71/SHA
_2ddc
999 _c39807
_d39807